| 000 | 00531 a2200229 4500 | ||
|---|---|---|---|
| 260 | _aParis | ||
| 630 | _a33 - Economie - Economie politique | ||
| 650 | _a3 - SCIENCES SOCIALES | ||
| 100 | _aPenouil, Marc | ||
| 260 | _bDalloz | ||
| 245 | _aSocio-économie du sous-développement | ||
| 300 | _a683p. | ||
| 650 | _aTiers-Monde : économie : sociologie | ||
| 260 | _c1979 | ||
| 300 | _b18cm | ||
| 100 | _lFr | ||
| 440 | _aPrécis Dalloz | ||
| 037 | _aDE 5635 | ||
| 020 | _a2-247-00020-7 | ||
| 999 |
_c44121 _d44121 |
||